000 00762nam a22002417a 4500
001 BR9300104
003 BR-BrBNA
005 20230928093756.0
007 ta
008 230509b bl.||||| |||| 00| 0 por d
040 _aBR-BrBNA
_bpor
_cBiblioteca Nacional de Agricultura
041 _a(Por)
072 _aE13
090 _ E13 BR9300104
110 1 _aSecretaria de Estado da Agricultura, Pecuaria e Abastecimento, Belo Horizonte, MG (Brasil)
_98844
245 1 _aCredito Rural: demanda de recursos e direcionamento para o Estado de Minas Gerais - ano agricola 1992/93
260 3 _aBelo Horizonte, MG (Brasil):
_c1992.
300 _a36 p.
650 _aCredito Rural
650 _aMinas Gerais
909 _a202309
_bLucia
_c55
_dLucia Elande
942 _cBK
999 _c47039
_d47039